| 000 | 00830nam a22002177a 4500 | ||
|---|---|---|---|
| 003 | OSt | ||
| 005 | 20140310181739.0 | ||
| 008 | 130322t xxu||||| |||| 00| 0 eng d | ||
| 050 |
_aQH 541.5 _bP53 1988 |
||
| 082 |
_aTR 372.357044 _bP94 1988 |
||
| 245 |
_aPlanting Learning Tree _bsupplementary activity guide for grade k through 6 _cWestern Regional Environment Council and American Forest Foundation |
||
| 260 |
_aWashington: _bWestern Regional Environment Council and American Forest Foundation _cc1988. |
||
| 300 |
_axiii, 184p. : _bill. col. ; _c28 cm. |
||
| 521 | _aTeacher | ||
| 541 | _j1 | ||
| 562 | _e1 | ||
| 650 | _2Environmental education--Activity programs | ||
| 650 | _2Environmental education--Activity programs | ||
| 650 | _2Environmental education--Study and teaching | ||
| 942 |
_2lcc _cBK-TR _kTR |
||
| 999 |
_c2710 _d2710 |
||